书目信息 |
| 题名: |
词论
|
|
| 作者: | 刘永济 著 | |
| 分册: | ||
| 出版信息: | 上海 上海古籍出版社 1981 |
|
| 页数: | 136页 | |
| 开本: | 21cm | |
| 丛书名: | ||
| 单 册: | ||
| 中图分类: | I207.23 , I207.2 | |
| 科图分类: | ||
| 主题词: | 词(文学)-文学研究--中国 , 文学研究-词(文学)--中国 | |
| 电子资源: | ||
| ISBN: | ||
| 000 | 00612nam0 2200241 450 | |
| 001 | 1575890929 | |
| 005 | 20150123210517.20 | |
| 010 | @dCNY0.46 | |
| 091 | @a10186.240 | |
| 100 | @a19950522d1981 em y0chiy0110 ea | |
| 101 | 0 | @achi |
| 102 | @aCN@b310000 | |
| 105 | @ay z 000zy | |
| 200 | 1 | @a词论@9ci lun@f刘永济著 |
| 210 | @a上海@c上海古籍出版社@d1981 | |
| 215 | @a136页@d21cm | |
| 606 | 0 | @a词(文学)-文学研究@y中国 |
| 606 | 0 | @a文学研究-词(文学)@y中国 |
| 690 | @aI207.23@v5 | |
| 690 | @aI207.2@v4 | |
| 701 | 0 | @a刘永济@9liu yong ji@4著 |
| 801 | 0 | @aCN@bTSSF@c20150123 |
| 905 | @aZUCC@dI207.2@eJY76 | |
| 词论/刘永济著.-上海:上海古籍出版社,1981 |
| 136页;21cm |
| ISBN :CNY0.46 |
| ● |
| 相关链接 |
|
|
|
|
正题名:词论
索取号:I207.2/JY76
 
预约/预借
| 序号 | 登录号 | 条形码 | 馆藏地/架位号 | 状态 | 备注 |
| 1 | 7842119 | 278421192 | 学院路分馆/ [索取号:I207.2/JY76] | 在馆 | |
| 2 | 7842120 | 278421209 | 学院路分馆/ [索取号:I207.2/JY76] | 在馆 |